000 00276nam a2200121 i 4500
001 bg
245 0 _aTeorija i metody rasĨeta jadernych reaktorov.
260 _aMoskva,
_c1962.
040 _cBPK
041 _apol
942 _cKS
008 s pl f |000 0 pol
999 _c12678
_d12678
856 _uhttp://koha.tu.koszalin.pl/cgi-bin/koha/opac-detail.pl?biblionumber=12678
_yKatalog online BPK